01361nam a22003257a 4500001001000000003000900010005001700019007001000036008003700046040002200083082002400105100001900129245004200148250001300190260003800203300004600241500018500287500007700472650004000549650004100589650003500630650004000665650005200705910003700757942001200794945004400806952012800850956004000978999001701018000052565DO-SdBNP20180313105806.0000052565160510b 2000 dr a || 00| 0 spa d aBNPHUbspacBNPHU a373.83bC719g, 20001 aColón, Juan 10aGeografía mundial /cJuan Colón  a4ta ed. 0 aSanto Domingo :bEducando, c2000 a126 p. : bil., mapas, retrs. ; c28 cm.  aAprobado por la Secretaría de Estado de Educación y Cultura, como texto básico para el primer grado del primer ciclo de la educación media, en fecha 28 de julio de 1998. aIncluye datos biográficos del autor en la solapa de la contracubierta. 4aGEOGRAFÍAxENSEÑANZA SECUNDARIA 4aGEOGRAFÍAxESTUDIOS Y EJERCÍCIOS 4aGEOGRAFÍA xLIBROS DE TEXTOS 4aGEOGRAFÍAxEDUCACIÓN SECUNDARIA 4aEDUCACIÓN SECUNDARIA zREPÚBLICA DOMINICANA aValidado. Control de calidad MFF 2ddccBK aRemanejado para la Bib. BNPHU, 2018/ YL 00102ddc40708CEaBPMETbBPMETd2016-05-10eDonaciónl0o373.83 C719g, 2000pBPMSU16050209r2016-05-10w2016-05-10yBK 2LOPEREZ3106201610058BPMSUa00041 c10063d10063